[Event "Haarlemse Meesters-IM 2018"]
[Site "Haarlem"]
[Date "2018.10.27"]
[Round "8"]
[White "Gijswijt, Bart"]
[Black "Van Kerkhof, David"]
[Result "0-1"]
[WhiteElo "2321"]
[BlackElo "2371"]
[Annotator "NA"]
[PlyCount "86"]
[EventDate "2018.10.17"]
[EventType "tourn"]
[EventCountry "NED"]
[SourceTitle "playchess.com"]
[Source "ChessBase"]
[SourceQuality "1"]
[TimeControl "40/5400+30:1800+30"]

1. d4 {[%emt 0:00:00]} Nf6 {[%emt 0:00:00]} 2. c4 {[%emt 0:00:00]} c5 {[%emt 0:00:00]} 3. d5 {[%emt 0:00:00]} b5 {[%emt 0:00:00]} 4. Nf3 {[%emt 0:00:21]} e6 {[%emt 0:00:00]} 5. dxe6 {[%emt 0:01:42]} fxe6 {[%emt 0:00:04]} 6. cxb5 {[%emt 0:00:08]} d5 {[%emt 0:00:19]} 7. Nc3 {[%emt 0:00:46]} Be7 {[%emt 0:07:15] E10: Blumenfeld Gambit} (7... Nbd7 8. Bf4 d4 9. Nb1 Nd5 10. Bg3 a6 11. e4 dxe3 12. fxe3 Nxe3 13. Qb3 Nxf1 14. Rxf1 axb5 15. Nc3 c4 16. Qxb5 Qb6 17. O-O-O Bc5 18. Ne5 Qxb5 19. Nxb5 Nxe5 20. Nc7+ Ke7 21. Bh4+ {1-0 (21) Milov,V (2681)-Tregubov,P (2646) Ajaccio 2008}) 8. e4 {[%emt 0:13:31]} d4 {[%emt 0:03:21] LiveBook: 5 Games} 9. e5 {[%emt 0:08:15]} Ng4 {[%emt 0:00:29]} (9... dxc3 $11 {remains equal.} 10. exf6 Bxf6 11. Qxd8+ Kxd8) 10. Ne4 {[%emt 0:06:32]} (10. Ne2 $16) 10... Nd7 {[%emt 0:06:22]} 11. Nfg5 {[%emt 0:05:33]} Ndxe5 {[%emt 0:01:02]} 12. f4 $1 {[%emt 0:01:47]} O-O $1 {[%emt 0:02:00]} 13. fxe5 $146 {[%emt 0:01:10]} ({Predecessor:} 13. h3 $5 {[%cal Rh3g4]} Nf6 14. fxe5 Nxe4 15. Nxe4 $14 {1-0 (34) Ernst,S (2568)-Snuverink,J (2357) Netherlands 2014}) 13... Nxe5 {[%emt 0:01:20]} 14. Qb3 {[%emt 0:16:24]} Qd5 {[%emt 0:34:25]} 15. Qxd5 $1 {[%emt 0:01:31]} exd5 {[%emt 0:00:15]} 16. Ng3 {[%emt 0:08:09]} Bg4 {[%emt 0:10:50]} 17. Be2 {[%emt 0:10:22]} Rae8 $11 {[%emt 0:02:18]} 18. Bxg4 {[%emt 0:09:27]} Bxg5 {[%emt 0:02:53]} 19. Bh5 {[%emt 0:01:38]} Bxc1 {[%emt 0:09:09]} 20. Rxc1 {[%emt 0:04:21]} Nd3+ {[%emt 0:01:06]} 21. Kd2 {[%emt 0:00:30]} Rf2+ {[%emt 0:00:40]} 22. Ne2 {[%emt 0:00:16]} Nxc1 {[%emt 0:01:40]} 23. Rxc1 {[%emt 0:00:02]} Re5 {[%emt 0:00:19]} 24. Bf3 {[%emt 0:01:49]} c4 {[%emt 0:00:39]} 25. b3 {[%emt 0:01:47]} d3 {[%emt 0:01:27]} 26. bxc4 {[%emt 0:00:18]} dxc4 {[%emt 0:09:19]} 27. Ke1 {[%emt 0:02:00]} Rexe2+ {[%emt 0:02:15]} 28. Bxe2 {[%emt 0:00:02]} Rxe2+ {[%emt 0:00:06]} 29. Kd1 {[%emt 0:00:06]} Rxa2 {[%emt 0:00:32]} 30. Rxc4 {[%emt 0:00:17]} Rxg2 {[%emt 0:00:42]} 31. h4 {[%emt 0:00:38]} Rb2 {[%emt 0:01:17]} 32. Rc5 {[%emt 0:01:02]} Kf7 {[%emt 0:02:22]} 33. Rd5 {[%emt 0:01:14]} Ke6 {[%emt 0:00:33]} 34. Rg5 {[%emt 0:01:47]} Kf6 {[%emt 0:00:14]} 35. Rh5 {[%emt 0:00:26]} Kg6 {[%emt 0:00:35]} 36. Rg5+ {[%emt 0:00:31]} Kh6 {[%emt 0:00:21]} 37. Rd5 {[%emt 0:01:06]} Rh2 {[%emt 0:00:25]} 38. Rd4 {[%emt 0:01:20]} Rb2 {[%emt 0:00:07]} 39. Rd5 {[%emt 0:00:25]} Rb4 {[%emt 0:00:28]} 40. Kd2 {[%emt 0:01:27]} Rxh4 {[%emt 0:00:40]} 41. Kxd3 {[%emt 0:30:12]} Ra4 {[%emt 0:03:11]} 42. Ke3 {[%emt 0:00:00]} g5 {[%emt 0:01:11]} 43. Kf3 {[%emt 0:00:00]} Kh5 {[%emt 0:00:22]} 0-1

[Event "Haarlemse Meesters-IM 2018"]
[Site "Haarlem"]
[Date "2018.10.27"]
[Round "8"]
[White "Basman, Michael J"]
[Black "Harff, Marcel"]
[Result "1/2-1/2"]
[WhiteElo "2313"]
[BlackElo "2420"]
[Annotator "TA"]
[PlyCount "64"]
[EventDate "2018.10.17"]
[EventType "tourn"]
[EventCountry "NED"]
[SourceTitle "playchess.com"]
[Source "ChessBase"]
[SourceQuality "1"]

{[%evp 9,64,-46,0,-50,-29,-18,-20,-25,8,-13,0,-25,-12,-155,-146,-153,-146,-131,-151,-230,-229,-242,-230,-212,-214,-245,-157,-156,-52,-57,70,-264,175,179,170,175,172,155,491,466,515,498,479,0,0,0,0,0,29,63,73,0,0,0,0,0,0]} 1. g4 d5 2. h3 e5 3. Bg2 h5 (3... c6 4. d4 e4 5. c4 f5 6. Nc3 Bb4 7. Qb3 Bxc3+ 8. bxc3 Nf6 9. Ba3 Be6 10. Qxb7 Nbd7 11. Qxc6 Kf7 12. gxf5 Bxf5 13. cxd5 {0-1 (33) Vovk,O (2353)-Kuzubov,Y (2637) Lvov 2017}) 4. g5 c6 5. d4 exd4 6. Nf3 $146 {A00: Irregular Openings} ({Predecessor:} 6. Qxd4 Bf5 7. Qe3+ Ne7 8. c3 Nd7 9. Nd2 Be6 10. Ngf3 Nf5 11. Qd3 Qb6 12. Nb3 {0-1 (45) Marchant,M (1882)-Ebner,J ICCF email 2002}) 6... c5 7. c3 dxc3 8. Nxc3 Be6 9. g6 f6 $1 {[%cal Bf7f6,Bf6f5][%mdl 32]} 10. Nh4 $1 {[%cal Rc3d5]} Ne7 11. f4 (11. Be3 $11 {remains equal.}) 11... f5 12. Nf3 Nbc6 13. Ng5 Qd7 14. b4 (14. Nxe6 $17 Qxe6 15. Bxd5 Nxd5 16. Qxd5 Qxd5 17. Nxd5) 14... Nxb4 $19 15. Rb1 d4 16. Nxe6 Qxe6 17. Nb5 {[%cal Bc3b5,Bb5a7,Ba7c6][%mdl 32]} Qxg6 18. Bxb7 Rb8 (18... Rd8 $1 $17 {Threatens to win with ...Ned5.} 19. Nc7+ Kd7) 19. Qa4 $1 $15 Nec6 (19... Qf6 $15) 20. Rxb4 $4 {[%mdl 8192]} (20. Nxa7 $14 {was forced to keep a grip.} Rxb7 21. Nxc6 Qxc6 22. Qxc6+ Nxc6 23. Rxb7) 20... cxb4 $4 {[%mdl 8192]} (20... Nxb4 $19 {and all is fine.} 21. Qxa7 Rd8) 21. Nxa7 $18 Rxb7 22. Nxc6 Qg3+ {[#]} 23. Kf1 $1 {aiming for Qa8+.} Rc7 $2 (23... Re7 $16) 24. Ne5+ Ke7 25. Bd2 Rh6 26. Bxb4+ $2 (26. Qxb4+ $18 Rd6 27. Qb8) 26... Rd6 $1 $11 27. Bxd6+ Kxd6 28. Nd3 Rc1+ 29. Nxc1 Qxf4+ {[#]} 30. Kg2 (30. Ke1 $1 $16 Qxc1+ 31. Qd1 Qc3+ 32. Kf1) 30... Qe4+ {The position is equal.} 31. Kg1 Qe3+ 32. Kg2 Qe4+ {Precision: White = 43%, Black = 37%.} 1/2-1/2

[Event "Haarlemse Meesters-IM 2018"]
[Site "Haarlem"]
[Date "2018.10.27"]
[Round "8"]
[White "Van Baar, Esper"]
[Black "Vedder, Richard"]
[Result "1-0"]
[WhiteElo "2223"]
[BlackElo "2288"]
[Annotator "NA"]
[PlyCount "107"]
[EventDate "2018.10.17"]
[EventType "tourn"]
[EventCountry "NED"]
[SourceTitle "playchess.com"]
[Source "ChessBase"]
[SourceQuality "1"]
[TimeControl "40/5400+30:1800+30"]

1. e4 {[%emt 0:00:00]} e5 {[%emt 0:00:00]} 2. Nf3 {[%emt 0:00:00]} Nc6 {[%emt 0:00:00]} 3. Nc3 {[%emt 0:00:19]} Nf6 {[%emt 0:00:12]} 4. a3 {[%emt 0:00:07]} d6 {[%emt 0:00:53]} 5. Bb5 {[%emt 0:03:40] C47: Scotch Four Knights and Four Knights with 4 g3} (5. d4 Bg4 6. dxe5 dxe5 7. Qxd8+ Rxd8 8. Bb5 Bxf3 9. gxf3 Bd6 10. Bg5 O-O 11. Bxf6 gxf6 12. Nd5 Nd4 13. Bd3 Nxf3+ {½-½ (55) Safarli,E (2639)-Anton Guijarro,D (2666) Riadh 2017}) 5... Bd7 {[%emt 0:02:59]} 6. d4 {[%emt 0:03:41]} exd4 {[%emt 0:02:22]} 7. Nxd4 {[%emt 0:00:17]} Be7 {[%emt 0:01:32]} 8. O-O {[%emt 0:00:58]} O-O {[%emt 0:00:34] LiveBook: 6 Games} 9. Nxc6 {[%emt 0:02:10]} bxc6 {[%emt 0:03:12]} 10. Bc4 {[%emt 0:02:46]} Rb8 $146 {[%emt 0:07:20]} ({Predecessor:} 10... Be6 11. Bxe6 fxe6 12. Qe2 Nd7 13. Be3 Bf6 14. Qc4 d5 15. Qxc6 d4 {1-0 (26) Just,B (1469)-Nash,C (1092) Chessfriend.com 2003}) 11. b3 {[%emt 0:05:50]} Ng4 {[%emt 0:03:43]} 12. Bb2 {[%emt 0:06:13]} Ne5 {[%emt 0:03:36]} 13. Be2 {[%emt 0:00:21]} f5 {[%emt 0:00:19]} 14. f4 {[%emt 0:08:21]} Ng6 {[%emt 0:00:17]} 15. Bh5 {[%emt 0:05:43]} (15. exf5 $14 Rxf5 16. g3) 15... Bf6 {[%emt 0:07:24]} 16. Qd3 {[%emt 0:10:29]} fxe4 {[%emt 0:04:02]} 17. Qxe4 {[%emt 0:00:09]} d5 {[%emt 0:04:05]} 18. Qd3 {[%emt 0:09:40]} Bf5 {[%emt 0:04:09]} 19. Qd2 {[%emt 0:00:13]} d4 {[%emt 0:03:35]} 20. Na4 $11 {[%emt 0:03:26]} d3 {[%emt 0:06:37]} 21. Bxf6 {[%emt 0:00:18]} Qxf6 {[%emt 0:00:03]} 22. g4 {[%emt 0:02:28]} Be4 {[%emt 0:11:40]} 23. Qe3 {[%emt 0:19:33]} Rbe8 {[%emt 0:09:50]} 24. Nc5 {[%emt 0:06:08]} Bg2 {[%emt 0:05:02]} 25. Qxd3 {[%emt 0:00:11]} Bxf1 {[%emt 0:00:05]} 26. Rxf1 {[%emt 0:00:26]} Qd6 {[%emt 0:09:31]} 27. Qc4+ {[%emt 0:02:53]} Kh8 {[%emt 0:00:10]} 28. Nd3 {[%emt 0:06:58]} Re2 {[%emt 0:06:50]} 29. g5 {[%emt 0:00:02]} Re3 {[%emt 0:00:05]} 30. Bxg6 {[%emt 0:00:57]} Qxg6 {[%emt 0:00:22]} 31. Qd4 {[%emt 0:00:40]} Re2 {[%emt 0:01:14]} 32. Qc5 {[%emt 0:00:31]} Rfe8 {[%emt 0:00:46]} 33. Ne5 {[%emt 0:00:30]} Qh5 {[%emt 0:00:08]} 34. Rf2 {[%emt 0:00:24]} Rxf2 {[%emt 0:00:53]} 35. Qxf2 {[%emt 0:00:14]} Qd1+ {[%emt 0:00:39]} 36. Kg2 {[%emt 0:00:10]} Qd5+ {[%emt 0:00:05]} 37. Kg3 {[%emt 0:00:35]} c5 {[%emt 0:00:50]} 38. Qe2 {[%emt 0:00:38]} Kg8 {[%emt 0:00:43]} 39. a4 {[%emt 0:00:52]} Rd8 {[%emt 0:01:09]} 40. Qg4 {[%emt 0:00:20]} Qd6 {[%emt 0:01:38]} 41. Qf5 {[%emt 0:01:39]} Rf8 {[%emt 0:01:18]} 42. Qg4 {[%emt 0:02:39]} Re8 {[%emt 0:00:15]} 43. Qf5 {[%emt 0:02:50]} Qd5 {[%emt 0:01:37]} 44. h4 {[%emt 0:02:05]} Qe6 {[%emt 0:07:12]} 45. Qd3 {[%emt 0:04:56]} h5 {[%emt 0:02:31]} 46. g6 {[%emt 0:04:00]} c6 {[%emt 0:02:25]} 47. Qf3 {[%emt 0:01:32]} Rd8 {[%emt 0:05:43]} 48. Qxh5 {[%emt 0:01:04]} Rd2 {[%emt 0:00:15]} 49. Qh7+ {[%emt 0:02:17]} Kf8 {[%emt 0:00:02]} 50. h5 {[%emt 0:01:49]} Qd5 {[%emt 0:00:59]} 51. Nf3 {[%emt 0:04:25]} Rxc2 {[%emt 0:00:44]} 52. h6 {[%emt 0:00:25]} Qg8 {[%emt 0:00:29]} 53. Qxg8+ {[%emt 0:01:14]} Kxg8 {[%emt 0:00:05]} 54. h7+ {[%emt 0:00:04]} 1-0

[Event "Haarlemse Meesters-IM 2018"]
[Site "Haarlem"]
[Date "2018.10.28"]
[Round "9"]
[White "Bosboom, Manuel"]
[Black "Gijswijt, Bart"]
[Result "1/2-1/2"]
[WhiteElo "2404"]
[BlackElo "2321"]
[Annotator "TA"]
[PlyCount "37"]
[EventDate "2018.10.17"]
[EventType "tourn"]
[EventCountry "NED"]
[SourceTitle "playchess.com"]
[Source "ChessBase"]
[SourceQuality "1"]

{[%evp 9,37,0,1,-25,0,-8,3,0,4,0,0,-59,-42,-104,-93,-91,-84,-87,-64,-58,-64,-56,-51,-41,-20,-34,-25,-28,-31,-32]} 1. Nf3 d5 2. g3 Nf6 3. Bg2 e6 4. d3 c5 5. O-O Nc6 {LiveBook: 353 Games} 6. a3 {A08: King's Indian Attack} (6. Nbd2 Be7 7. e4 b6 8. Re1 Bb7 9. Qe2 Nb4 10. Qd1 Nc6 11. c3 Qc7 12. Qe2 O-O 13. e5 Nd7 14. h4 b5 15. Nf1 b4 16. h5 bxc3 17. bxc3 Ba6 18. h6 g6 19. Bf4 Qa5 20. Rac1 c4 21. d4 Ba3 {1-0 (31) Hera,I (2611)-Ganguly,S (2658) Biel 2017}) 6... b6 7. c4 Bb7 8. Qa4 $146 {The position is equal.} ({Predecessor:} 8. Bg5 Be7 9. Nc3 dxc4 10. dxc4 Qxd1 11. Rfxd1 O-O 12. Nb5 {1-0 (28) Horacek,M (2004)-Petruzalek,R (1615) Sunny Beach 2009}) 8... Qd7 9. Bg5 Be7 10. b4 (10. cxd5 $11 exd5 11. Nc3) 10... cxb4 11. axb4 (11. cxd5 $15 exd5 12. axb4) 11... Nxb4 $17 ({Much weaker is} 11... Bxb4 $6 12. Bxf6 gxf6 13. cxd5 $11) 12. Ne5 Qxa4 13. Rxa4 Nc6 14. Nxc6 Bxc6 15. Ra2 Kd7 16. Nd2 h6 17. Be3 Ng4 18. cxd5 Bxd5 19. Bxd5 {Precision: White = 51%, Black = 68%.} 1/2-1/2

[Event "Haarlemse Meesters-IM 2018"]
[Site "Haarlem"]
[Date "2018.10.28"]
[Round "9"]
[White "Van Kerkhof, David"]
[Black "Basman, Michael J"]
[Result "1/2-1/2"]
[WhiteElo "2371"]
[BlackElo "2313"]
[Annotator "TA"]
[PlyCount "19"]
[EventDate "2018.10.17"]
[EventType "tourn"]
[EventCountry "NED"]
[SourceTitle "playchess.com"]
[Source "ChessBase"]
[SourceQuality "1"]

{[%evp 9,19,121,121,128,113,114,105,114,154,-33,-33,-66]} 1. e4 g5 2. d4 h6 3. h4 g4 4. Qxg4 d5 5. Qf4 dxe4 6. Nc3 {B00: Damenfianchetto, Nimzowitsch-Verteidigung} Nf6 {[%cal Bg8f6,Bf6d5,Bd5b4][%mdl 32]} 7. Nge2 $146 ({Vorgänger:} 7. Nxe4 Qxd4 8. Nxf6+ Qxf6 9. Qxf6 exf6 10. Bf4 c6 11. O-O-O {1-0 (48) Camacho,C (2248)-Valverde Lopez,M (2021) Remote email 2014}) 7... Nc6 8. Nxe4 Nd5 {[#]} 9. Qf3 $2 (9. Qd2 $1 $16) 9... Ndb4 $1 $15 {[%cal Rb4c2][%mdl 1024] Schwarz hat Kompensation.} 10. Qc3 1/2-1/2

[Event "Haarlemse Meesters-IM 2018"]
[Site "Haarlem"]
[Date "2018.10.28"]
[Round "9"]
[White "Vedder, Richard"]
[Black "Riemersma, Li"]
[Result "1/2-1/2"]
[WhiteElo "2288"]
[BlackElo "2460"]
[Annotator "TA"]
[PlyCount "100"]
[EventDate "2018.10.17"]
[EventType "tourn"]
[EventCountry "NED"]
[SourceTitle "playchess.com"]
[Source "ChessBase"]
[SourceQuality "1"]

{[%evp 22,100,31,34,41,35,42,0,42,0,41,0,35,24,27,29,20,0,41,0,0,-6,-4,-2,0,-29,-7,-58,16,12,16,16,25,-48,-49,-49,-47,-45,-54,-39,-50,-42,-25,-25,-25,-27,-11,-11,-10,-11,-8,-11,-6,-11,-3,-7,0,-14,0,-2,0,-32,-32,-35,-32,-35,-32,-66,-66,-66,-66,-66,-66,-66,-32,-32,0,-66,0,-66,0]} 1. d4 Nf6 2. c4 e6 3. Nc3 Bb4 4. Nf3 d5 5. Bg5 h6 6. Bxf6 Qxf6 7. Qa4+ Nc6 8. e3 Bd7 {D38: Queen's Gambit Declined: Ragozin Defence (4 Nf3 Bb4)} (8... O-O 9. Be2 dxc4 10. O-O Bd7 11. Bxc4 Bxc3 12. bxc3 Rfd8 13. Be2 Be8 14. Qa3 Qe7 15. Qb2 b6 16. c4 {1-0 (47) Radjabov,T (2751)-So,W (2776) Batumi 2018}) 9. Qb3 dxc4 10. Qxc4 O-O 11. Be2 a6 12. O-O {LiveBook: 7 Games} Qg6 13. Bd3 Qh5 14. Be2 {[#] Black must now prevent Ne5.} Qg6 15. Bd3 Qh5 $1 16. Be2 {Strongly threatening Ne5.} Bd6 17. Ne4 Qf5 {[#]} 18. Nxd6 $146 ({Predecessor:} 18. Bd3) 18... cxd6 19. Qb3 Rab8 20. Rac1 Qa5 21. Rc3 Ne7 22. Nd2 Bc6 23. e4 Rfd8 (23... d5 {keeps more tension.} 24. e5 Bb5 25. Bxb5 axb5 26. Rfc1 Nc6) 24. f4 (24. Rfc1 $11) 24... Qa4 (24... b5 $15) 25. Qxa4 $11 Bxa4 26. Rfc1 Kf8 27. Bf3 (27. Kf2 $11) 27... d5 $15 28. exd5 Nxd5 29. Bxd5 Rxd5 30. Rc8+ Rxc8 31. Rxc8+ {[%mdl 4096] Endgame KRB-KRN} Ke7 32. Rc7+ Rd7 33. Rxd7+ Bxd7 $11 {KB-KN} 34. Kf2 Bc6 35. g3 Bd5 36. a3 f6 37. h4 Kd6 38. Ke3 Kc6 39. Kd3 Kb5 40. Kc3 a5 41. Kd3 Ka4 42. Kc2 b5 43. Kc3 h5 44. Kc2 b4 45. axb4 Kxb4 46. Kd3 a4 47. Ke3 Bc4 48. Ke4 Bb3 49. Kd3 (49. Nxb3 $11 Kxb3 50. f5 exf5+ 51. Kxf5 Kxb2 52. d5) 49... Bd5 50. Ke3 Bc4 {Precision: White = 44%, Black = 51%.} ({Black should play} 50... Bc6 $15) 1/2-1/2

[Event "Haarlemse Meesters-IM 2018"]
[Site "Haarlem"]
[Date "2018.10.28"]
[Round "9"]
[White "Daeschler, Florian"]
[Black "Van Baar, Esper"]
[Result "1/2-1/2"]
[WhiteElo "2254"]
[BlackElo "2223"]
[Annotator "NA RC"]
[PlyCount "45"]
[EventDate "2018.10.17"]
[EventType "tourn"]
[EventCountry "NED"]
[SourceTitle "playchess.com"]
[Source "ChessBase"]
[SourceQuality "1"]
[TimeControl "40/5400+30:1800+30"]

1. d4 {[%emt 0:00:00]} d6 {[%emt 0:01:19]} 2. Nf3 {[%emt 0:00:00]} Nf6 {[%emt 0:00:40]} 3. g3 {[%emt 0:00:00]} g6 {[%emt 0:00:09]} 4. Bg2 {[%emt 0:00:00]} Bg7 {[%emt 0:00:08]} 5. c4 {[%emt 0:00:11]} O-O {[%emt 0:00:42]} 6. Nc3 {[%emt 0:00:05]} c6 {[%emt 0:01:41]} 7. O-O {[%emt 0:00:08]} Bf5 {[%emt 0:00:58]} 8. b3 {[%emt 0:07:13]} Ne4 {[%emt 0:01:23]} 9. Bb2 {[%emt 0:00:07]} Nxc3 {[%emt 0:04:51]} 10. Bxc3 {[%emt 0:00:21]} Be4 {[%emt 0:00:38]} 11. Rc1 {[%emt 0:04:25]} d5 {[%emt 0:06:37]} 12. Qd2 {[%emt 0:04:30] LiveBook: 13 Games E62: King's Indian: Fianchetto: 6...c6 and Panno Variation (6...Nc6) without ...a6} Nd7 {[%emt 0:03:48]} 13. cxd5 {[%emt 0:00:26] [#]} (13. Rfd1 e6 14. e3 Re8 15. Qe2 Qe7 {½-½ (15) Predojevic,B (2652)-Jankovic,A (2575) Bihac 2016}) 13... cxd5 $146 {[%emt 0:00:28]} ({Predecessor:} 13... Bxd5 14. Ba5 b6 15. Bc3 Nf6 16. Rfd1 Rc8 17. Bb2 Rc7 18. Ne5 Bxg2 19. Kxg2 Qa8 20. Qf4 {½-½ (32) Zueger,B (2465)-Hort,V (2550) Prague 1996}) 14. Ba5 {[%emt 0:05:27]} b6 {[%emt 0:01:28]} 15. Bb4 {[%emt 0:00:04]} a5 {[%emt 0:02:44]} 16. Ba3 {[%emt 0:00:05]} b5 {[%emt 0:01:28]} 17. Bc5 {[%emt 0:07:15]} Re8 {[%emt 0:07:06]} 18. Ne1 $11 {[%emt 0:03:43]} Bxg2 {[%emt 0:02:02]} 19. Kxg2 {[%emt 0:03:28]} Rc8 {[%emt 0:06:30]} 20. Nd3 {[%emt 0:03:03]} Nf8 {[%emt 0:28:47]} 21. a3 {[%emt 0:09:50]} Ne6 {[%emt 0:00:23]} 22. e3 {[%emt 0:00:55]} Ng5 {[%emt 0:04:29]} 23. f3 {[%emt 0:03:30]} 1/2-1/2